Cuerpo y palabra o los paisajes de la cautividad /
Uloženo v:
| Hlavní autor: | |
|---|---|
| Médium: | Text |
| Tagy: |
Přidat tag
Žádné tagy, Buďte první, kdo vytvoří štítek k tomuto záznamu!
|
MARC
| LEADER | 00000 a a2200000 04500 | ||
|---|---|---|---|
| 001 | 45850 | ||
| 003 | |||
| 040 | |||
| 100 | |a Bru, Josepa | ||
| 245 | |a Cuerpo y palabra o los paisajes de la cautividad / |c Josepa Bru | ||
| 773 | |g páginas 63-81 | ||
| 999 | |c 32692 |d 32692 | ||
